00945nam a2200229 i 4500999001500000003000400015005001700019008004100036020001800077040001700095080001500112080001600127245021900143260004000362300001800402490003300420650006800453700004100521700002500562942001300587952011500600 c7395d7395OSt20211116130343.0100125s2008 sp d 000 0 spa d z9788498763775 aCDMRc0bcat a343.9(460) a316.77(460)00aMalas noticias, medios de comunicación social, política criminal y garantías penales en España / cDirectores: Mercedes García Arán, Joan Botella Corral ; autores: Mercedes García Arán ... [et al.]. bTirant lo Blanch:aValencia, c2008 a237 pàgines1 aTirant Monografías ; v609 0aDelicte en els mitjans de comunicació de massazEspanya94196 aGarcía Arán, Mercedesedir946951 aBotella, Joan, edir 2udccMON 00104070aCDMRbCDMRd2021-11-16eDonacióg16.00l0oCi 1.1 /41pCDMR21110009r2021-11-16w2021-11-16yMON